Creating your own jewelry : taking inspiration from museum masterpieces
| Main Author: | |
|---|---|
| Format: | Book |
| Published: |
New York :
Stewart,Tabori&Chang ,
2004
|
| Subjects: |
MARC
| LEADER | 00000cam a2200000 7i4500 | ||
|---|---|---|---|
| 001 | 0000014374 | ||
| 005 | 20080229.0 | ||
| 008 | 080229 | ||
| 020 | |a 1584793597 | ||
| 090 | 0 | 0 | |a 745.5942 |b DUP |
| 100 | 0 | |a Dupouy,Cris | |
| 245 | 1 | 0 | |a Creating your own jewelry : |b taking inspiration from museum masterpieces |c Cris Dupouy |
| 260 | |a New York : |b Stewart,Tabori&Chang , |c 2004 | ||
| 650 | 0 | |a Jewelry making | |
| 650 | 0 | |a Polymer clay craft | |
| 999 | |a 0001013897 |b Book |c REFERENCE |e Perbadanan Perpustakaan Awam Johor | ||